Find the Missing Fauna in Movies III Quiz Stats

 Plays Quiz Updated Apr 4, 2018

Challenge
Share
Tweet
Score 0/20 Timer 04:00
15 Plays Today
% Correct
The EAGLE Has Landed
95.7%
The WOLF of Wall Street
95.5%
The Princess and the FROG
94.9%
The Pink PANTHER
93.3%
The LION King
92%
Water for ELEPHANTS
91.1%
The Vampire BAT
90.4%
The FOX and the Hound
87.9%
RAT Race
87.2%
GORILLAS in the Mist
86.7%
% Correct
KANGAROO Jack
86.2%
BULL Durham
84.5%
Alpha DOG
82.3%
Leave It to BEAVER
82.1%
SHARK Tale
80.9%
ROOSTER Cogburn
80.5%
Wild HOGS
79.3%
The MOSQUITO Coast
76%
The Secret Life of BEES
73.5%
PIRANHA 3DD
69.7%

You're not logged in!

Compare scores with friends on all Sporcle quizzes.
OR
Log In

You Might Also Like...

Show Comments

Extras

Top Quizzes Today


Score Distribution

Your Account Isn't Verified!

In order to create a playlist on Sporcle, you need to verify the email address you used during registration. Go to your Sporcle Settings to finish the process.

Report this User

Report this user for behavior that violates our Community Guidelines.

Details: